Progress in elementary particle and cosmic ray physics (Record no. 2654)

MARC details
000 -LEADER
fixed length control field 00660nam a2200205Ia 4500
003 - CONTROL NUMBER IDENTIFIER
control field IN-BaIIA
008 - FIXED-LENGTH DATA ELEMENTS--GENERAL INFORMATION
fixed length control field 211028s9999 xx 000 0 eng d
040 ## - CATALOGING SOURCE
Transcribing agency IIA Library
080 ## - UNIVERSAL DECIMAL CLASSIFICATION NUMBER
Universal Decimal Classification number 537.59(047.1)
Item number PRO-VIII
245 #0 - TITLE STATEMENT
Title Progress in elementary particle and cosmic ray physics
Remainder of title vol. vii
Statement of responsibility, etc. edited by J.G. Wilson and S.A. Wouthuysen.
260 ## - PUBLICATION, DISTRIBUTION, ETC.
Place of publication, distribution, etc. Amsterdom
Name of publisher, distributor, etc. North-Holland
Date of publication, distribution, etc. 1965
300 ## - PHYSICAL DESCRIPTION
Extent x, 393p.
490 ## - SERIES STATEMENT
Series statement Series in physics
650 ## - SUBJECT ADDED ENTRY--TOPICAL TERM
Topical term or geographic name entry element Cosmic ray physics
9 (RLIN) 2919
650 ## - SUBJECT ADDED ENTRY--TOPICAL TERM
Topical term or geographic name entry element Elementary particle physics interactions
9 (RLIN) 4731
650 ## - SUBJECT ADDED ENTRY--TOPICAL TERM
Topical term or geographic name entry element NASA Thesaurus
700 ## - ADDED ENTRY--PERSONAL NAME
Personal name Wouthuysen, S.A. ed.
9 (RLIN) 4732
700 ## - ADDED ENTRY--PERSONAL NAME
Personal name Wilson, J. G., ed.
942 ## - ADDED ENTRY ELEMENTS (KOHA)
Koha item type Books
Holdings
Withdrawn status Lost status Damaged status Not for loan Home library Current library Shelving location Date acquired Cost, normal purchase price Total Checkouts Full call number Barcode Date last seen Cost, replacement price Price effective from Koha item type Purchase Price
        IIA Library-Bangalore IIA Library-Bangalore General Stacks   60.75   537.59(047.1)/ PRO-VIII 2961 05/11/2021 60.75   Books Rs. 60.75

Powered by Koha